Ópusztaszeren A fejedelem nevében /
Elmentve itt :
| Szerző: | |
|---|---|
| Dokumentumtípus: | Cikk |
| Megjelent: |
1991-06-17
|
| Sorozat: | Délmagyarország
81 No. 140 |
| Kulcsszavak: | Ópusztaszer, Magyarok külföldön élők találkozó Ópusztaszer |
| Online Access: | http://dmarchiv.bibl.u-szeged.hu/86653 |
| LEADER | 00511nab a2200157 i 4500 | ||
|---|---|---|---|
| 001 | delm86653 | ||
| 005 | 20190930101940.0 | ||
| 008 | 190930s1991 hu o 0|| hun d | ||
| 040 | |a SZTE Délmagyarország Archívum |b hun | ||
| 041 | |a hun | ||
| 100 | 1 | |a Pacsika Emilia | |
| 245 | 1 | 0 | |a Ópusztaszeren |h [elektronikus dokumentum] : |b A fejedelem nevében / |c Pacsika Emilia |
| 260 | |c 1991-06-17 | ||
| 300 | |a 1 | ||
| 490 | 0 | |a Délmagyarország |v 81 No. 140 | |
| 695 | |a Ópusztaszer, Magyarok külföldön élők találkozó Ópusztaszer | ||